Countries with embassies and consulates in Ireland - Statistics

General Stats
  • This quiz has been taken 98 times
  • The average score is 52 of 57
Answer Stats
Continent Country % Correct
South America Brazil
100%
Oceania Australia
99%
North America United States of America
99%
South America Argentina
97%
North America Canada
97%
South America Chile
97%
Europe France
97%
Europe Spain
97%
Asia/ Europe Turkey
97%
Europe Austria
96%
Europe Belgium
96%
Asia China
96%
Europe Finland
96%
Europe Germany
96%
Asia India
96%
North America Mexico
96%
Europe Portugal
96%
Asia/ Europe Russia
96%
Europe Czech Republic
95%
Europe Denmark
95%
Europe Estonia
95%
Asia Japan
95%
Europe Latvia
95%
Europe Lithuania
95%
Asia South Korea
95%
Europe United Kingdom
95%
Africa Egypt
93%
Europe Italy
93%
Europe Norway
93%
Europe Poland
93%
Europe Slovakia
93%
Europe Bulgaria
92%
Europe Croatia
92%
North America Cuba
92%
Europe Greece
92%
Europe Romania
92%
Asia Israel
91%
Europe Switzerland
91%
Europe the Netherlands
91%
Europe Hungary
89%
Africa Nigeria
89%
Africa South Africa
89%
Africa Ethiopia
88%
Europe Malta
88%
Europe Ukraine
88%
Europe Cyprus
87%
Asia Iran
87%
Asia Pakistan
87%
South America Peru
86%
Asia United Arab Emirates
84%
Europe Vatican City
84%
Asia Saudi Arabia
83%
Africa Morocco
82%
Africa Kenya
79%
Asia Georgia
76%
Asia Malaysia
72%
Africa Lesotho
67%
No matching quizzes found
Score Distribution
Percent of People with Each Score
Percentile by Number Answered
Your Score History
You have not taken this quiz